Loading...
Other - Other Academic | 1 | 3 | 0 | 0 | 45 | 63 | 90.25 | 1 | 3 |
Thought - Social Science | 1 | 3 | 0 | 0 | 45 | 61 | 100.25 | 2 | 4 |
Science - Other Science | 1 | 2 | 0 | 1 | 35 | 65 | 89.33 | 2 | 3 |
Science - Biology | 2 | 1 | 2 | 1 | 30 | 25 | 80.67 | 2 | 3 |
Science - Chemistry | 1 | 2 | 1 | 1 | 30 | 81 | 97.00 | 1 | 3 |
Science - Engineering | 2 | 0 | 0 | 0 | 30 | 55 | 57.50 | 1 | 2 |
Science - Physics | 1 | 2 | 1 | 0 | 30 | 32 | 70.67 | 2 | 3 |
Thought - Philosophy | 0 | 2 | 0 | 0 | 20 | 93 | 97.50 | 0 | 2 |
Other - Pop Culture | 0 | 2 | 0 | 0 | 20 | 79 | 112.50 | 1 | 2 |
Beliefs - Mythology | 1 | 0 | 0 | 0 | 15 | 61 | 61.00 | 1 | 1 |
Arts - Music | 1 | 0 | 0 | 0 | 15 | 80 | 80.00 | 0 | 1 |
Literature - British Lit | 0 | 1 | 0 | 0 | 10 | 92 | 92.00 | 1 | 1 |
Beliefs - Religion | 0 | 1 | 0 | 0 | 10 | 92 | 92.00 | 0 | 1 |
Arts - Other Arts | 0 | 1 | 0 | 0 | 10 | 77 | 77.00 | 0 | 1 |